000 00342 a2200169 4500
001 13097
020 _a9788526016804
040 _cAnchieta - Aquarius
100 _aFrança, Mary
240 1 0 _a*Mariana
_lpor
245 1 0 _a*Mariana
300 _a16
362 0 _a2012
440 1 _aGlobal
650 4 _aLiteratura infantil
942 _cBK
999 _c13097
_d13097